| 000 | 00479nam a22001697a 4500 | ||
|---|---|---|---|
| 003 | CEME | ||
| 005 | 20210628205708.0 | ||
| 008 | 210315b xxu||||| |||| 00| 0 eng d | ||
| 040 | _c. | ||
| 082 | _a297.124 ZKR | ||
| 100 |
_aAmam Muhi-Ud-Din Abu Zikria Muhammad Sadiq Khalil _976693 |
||
| 245 | _aRiyaz-ul-saliheen | ||
| 260 |
_aLAHORE _bNOUMANI KUTAB KHANA _c1977 |
||
| 300 | _a2 VOLS | ||
| 650 |
_aISLAM-HADITH-RIYAZ-UL-SALIHEEN ISLAM-QURAN-VERSES _976694 |
||
| 942 |
_cBK _2ddc |
||
| 999 |
_c582042 _d582042 |
||